000 00556nam a22001937a 4500
003 OSt
005 20160407130525.0
008 160317b xxu||||| |||| 00| 0 eng d
020 _a0195171198
040 _aKabu
_cKabu
050 _aMT113
_b.S28 2009
100 _aSampsel, Laurie J.
245 _aMusic Research
_bA Handbook
260 _aUSA
_b OXFORD university press
_c2009
300 _axxvii,321p.
610 _aMusic
_xBibliography
610 _aMusic
_xHistory and criticism
942 _2lcc
_cBK
_hMT113
_i.S28 2009 C.1
999 _c15832
_d15832